000 00305nam a2200109 a 4500
005 20201002061735.0
008 190729s1985 000 spa d
100 _aRomero Pumarol, Teófilo Ramón
_928214
245 0 _aAntología del ayer : romántico.
260 _aSanto Domingo,
_c1985.
999 _c48698
_d48698
040 _aDO-SdBNP